Países más cercanos a Canarias - Estadísticas

Estadísticas generales
  • Esta prueba ha sido intentada 86 veces
  • La puntuación promedio es 15 de 20
Estadísticas de respuestas
km País % Correcto
97 Marruecos
100%
418 Portugal (Madeira)
95%
1295 Senegal
86%
469 Argelia
85%
315 Mauritania
85%
1858 Francia
81%
2047 Túnez
80%
1686 Guinea
78%
816 Mali
78%
1302 Cabo Verde
76%
1065 Reino Unido (Gibraltar)
75%
2075
Niger
73%
1674 Guinea-Bissau
72%
2211 Liberia
71%
1552 Gambia
70%
1971 Andorra
67%
2204 Libia
65%
2093 Costa de Marfil
62%
2010 Sierra Leona
62%
1998 Burkina Faso
59%
No se encontraron pruebas coincidentes
Distribución de puntuación
Porcentaje de gente con cada puntuación
Porcentaje por número respondido
Historial de tus puntuaciones
No has intentado esta prueba.